| 000 | 00401nam a22001337a 4500 | ||
|---|---|---|---|
| 020 | _a9789692355407 | ||
| 082 | _a745.24 | ||
| 100 | _aProf. Dr. Shaukat Mahmood | ||
| 245 |
_aFive Decades of Excellence Mahboob Ali _cProf. Dr. Shaukat Mahmood |
||
| 260 |
_aLahore _bChughtai Public Library _c2021 |
||
| 300 |
_a208p _c32cm |
||
| 942 |
_2ddc _cBK |
||
| 999 |
_c586230 _d586230 |
||